The milion the Floss
Tiểu thuyết Anh thế kỷ 19. Xoay quanh cuộc sống của nhân vật Maggres Tulliver với người anh trai ích kỷ và xấu xa của mình ở một ngôi làng nhỏ nước Anh.
Đã lưu trong:
| Tác giả chính: | |
|---|---|
| Định dạng: | Sách |
| Năm xuất bản: |
Anh
David Campbell
1992
|
| Chủ đề: | |
| Tags: |
Thêm thẻ
Không có thẻ, Hãy là người đầu tiên gắn thẻ bản ghi này!
|
| LEADER | 00742nam a2200157 4500 | ||
|---|---|---|---|
| 082 | |a 420 |b E200L | ||
| 100 | |a Eliot, George | ||
| 245 | |a The milion the Floss |c George Eliot; Rosemary Ashton giới thiệu | ||
| 260 | |a Anh |b David Campbell |c 1992 | ||
| 300 | |a 597 tr. |c 21 cm | ||
| 520 | |a Tiểu thuyết Anh thế kỷ 19. Xoay quanh cuộc sống của nhân vật Maggres Tulliver với người anh trai ích kỷ và xấu xa của mình ở một ngôi làng nhỏ nước Anh. | ||
| 653 | |a Ngôn ngữ | ||
| 653 | |a Tiếng Anh | ||
| 942 | |2 ddc |c SH | ||
| 999 | |c 5392 |d 5392 | ||
| 952 | |0 0 |1 0 |2 ddc |4 0 |6 420_000000000000000_E200L |7 0 |8 400 |9 51138 |a qbu |b qbu |c D4 |d 2014-12-22 |g 118000 |o 420 E200L |p 3258.C1 |r 0000-00-00 |w 2014-12-22 |y SH |0 0 |6 420_000000000000000_E200L | ||